|
|
|
|
| LEADER |
01167nam a2200265 u 4500 |
| 001 |
10119199 |
| 003 |
upatras |
| 005 |
20210117205740.0 |
| 008 |
160222s2002 us eng |
| 020 |
|
|
|a 0826214061
|q ((alk.paper))
|
| 040 |
|
|
|a ΠΑΝΕΠΙΣΤΗΜΙΟ ΠΑΤΡΑΣ
|c ΠΑΝΕΠΙΣΤΗΜΙΟ ΠΑΤΡΑΣ
|
| 041 |
0 |
|
|a eng
|
| 082 |
0 |
4 |
|a 812.52
|
| 100 |
1 |
|
|a Otten, Terry
|4 aut
|9 149009
|
| 245 |
1 |
0 |
|a The temptation of innocence in the dramas of Arthur Miller
|c Terry Otten
|
| 260 |
|
|
|a Columbia;
|a London
|b University of Missouri Press
|c c2002
|
| 300 |
|
|
|a xvi, 280 p.
|c 24 cm.
|
| 504 |
|
|
|a Includes bibliographical references and index
|
| 650 |
|
4 |
|a Δράμα
|x Ψυχολογικές απόψεις
|9 93438
|
| 600 |
1 |
4 |
|9 129767
|a Miller, Arthur,
|d 1915-2005
|x Ερμηνεία και κριτική
|
| 852 |
|
|
|a GR-PaULI
|b ΠΑΤΡΑ
|b ΘΕΑΤΡΟΛΟΓΙΑ
|k ΑΣΧΞ-3
|h 812.52 MIL OTT
|m 005481
|p 025000117067
|t 1
|
| 942 |
|
|
|2 ddc
|c BK15
|
| 952 |
|
|
|0 0
|1 0
|4 0
|6 812_520000000000000_MIL_OTT
|7 0
|9 189473
|a THST
|b THST
|d 2016-04-24
|i 005481
|l 0
|o 812.52 MIL OTT
|p 025000117067
|r 2016-04-24 00:00:00
|t 1
|w 2016-04-24
|y BK15
|
| 998 |
|
|
|c ΜΑΝΙΑ
|d 2016-02
|
| 999 |
|
|
|c 116710
|d 116710
|